Fr. Conceicao Rodrigues College of Engineering

Computer database organisation (Record no. 33105)

MARC details
000 -LEADER
fixed length control field 00295nam a2200133Ia 4500
082 ## - DEWEY DECIMAL CLASSIFICATION NUMBER
Classification number 1.6442
Item number MAR
100 ## - MAIN ENTRY--PERSONAL NAME
Personal name Martin/James
245 ## - TITLE STATEMENT
Title Computer database organisation
260 ## - PUBLICATION, DISTRIBUTION, ETC.
Name of publisher, distributor, etc. prentice hall
Place of publication, distribution, etc. New Delhi
Date of publication, distribution, etc. 1986
300 ## - PHYSICAL DESCRIPTION
Extent 713
546 ## - LANGUAGE NOTE
Language note ENGLISH
654 ## - SUBJECT ADDED ENTRY--FACETED TOPICAL TERMS
Focus term computer
942 ## - ADDED ENTRY ELEMENTS (KOHA)
Koha item type BOOK
Holdings
Withdrawn status Lost status Damaged status Not for loan Collection Home library Current library Date acquired Cost, normal purchase price Total Checkouts Full call number Barcode Date last seen Cost, replacement price Price effective from Koha item type
        CRC Fr. Agnel's C.Rodrigues College of Engineering Fr. Agnel's C.Rodrigues College of Engineering 17/03/2023 75.00   1.6442 MAR 1450 17/03/2023 75.00 17/03/2023 BOOK
        CRC Fr. Agnel's C.Rodrigues College of Engineering Fr. Agnel's C.Rodrigues College of Engineering 17/03/2023 75.00   1.644 MAR 1452 17/03/2023 75.00 17/03/2023 BOOK